000 00481nam a2200229Ia 4500
003 IT-RoPAU
008 120407s9999 xx 000 0 und d
040 _aIT-RoPAU
040 _cIT-RoPAU
041 _aita
100 _aBertrand Russel
245 _aL’ABC della relatività. 2a Ed.
250 _aMilano
260 _aLonganesi
260 _c1980
300 _a235 p.
300 _c18,5 cm
490 _aLa fronda
490 _v26
942 _cBK
999 _c29781
_d29781